2Pac Songs - Statistics

General Stats
  • This quiz has been taken 136 times
  • The average score is 22 of 68
Answer Stats
Album Artist(s) Song % Correct
All Eyez On Me Tupac, Big Syke All Eyez On Me
85%
Greatest Hits Tupac, Dr Dre, Roger Troutman California Love
80%
Greatest Hits Tupac, Outlawz Hit Em Up
75%
Me Against The World Tupac Dear Mama
72%
Greatest Hits Tupac Dear Mama
72%
Greatest Hits Tupac, Talent Changes
61%
Me Against The World Tupac, Outlawz Me Against The World
57%
Greatest Hits Tupac, Outlawz Me Against The World
57%
All Eyez On Me Tupac, Snoop Dogg 2 Of Amerikaz Most Wanted
53%
Greatest Hits Tupac, Snoop Dogg 2 Of Amerikaz Most Wanted
53%
All Eyez On Me Tupac Ambitionz Az A Ridah
49%
Greatest Hits Tupac, Outlawz, Prince Ital Joe Hail Mary
46%
Greatest Hits Tupac Keep Ya Head Up
46%
All Eyez On Me Tupac, George Clinton Cant C Me
43%
All Eyez On Me Tupac, Danny Boy Steward I Aint Mad At Cha
43%
Greatest Hits Tupac, Danny Boy Steward I Aint Mad At Cha
43%
All Eyez On Me Tupac, Rappin 4-Tay Only God Can Judge Me
41%
Me Against The World Tupac So Many Tears
39%
Greatest Hits Tupac So Many Tears
39%
All Eyez On Me Tupac, K-Ci, Jojo How Do U Want It
38%
Greatest Hits Tupac, K-Ci, Jojo How Do U Want It
38%
Greatest Hits Tupac, Digital Underground I Get Around
37%
All Eyez On Me Tupac, Dru Down, Hussein Fatal, Nate Dogg, Snoop Dogg, Yaki Kadafi All About U
33%
Greatest Hits Tupac, Dru Drown, Hussein Fatal, Nate Dogg, Snoop Dogg, Yaki Kadafi All About U
33%
All Eyez On Me Tupac, Big Syke, CPO, Danny Boy Steward Picture Me Rollin
31%
Greatest Hits Tupac, Big Syke, CPO, Danny Boy Steward Picture Me Rollin
31%
All Eyez On Me Tupac Life Goes On
29%
Greatest Hits Tupac Life Goes On
29%
Greatest Hits Tupac, Dave Hollister Brendas Got A Baby
28%
Me Against The World Tupac, Outlawz Outlaw
28%
Me Against The World Tupac Temptations
27%
Greatest Hits Tupac Temptations
27%
All Eyez On Me Tupac Heartz Of Men
26%
Greatest Hits Tupac Heartz Of Men
26%
All Eyez On Me Tupac, Jewell, Outlawz, Storm Thug Passion
26%
Me Against The World Tupac Old School
25%
All Eyez On Me Tupac Shorty Wanna Be A Thug
25%
All Eyez On Me Tupac, Nate Dogg Skandalouz
25%
Me Against The World Tupac Fuck The World
24%
Greatest Hits Tupac, Val Young To Live And Die In LA
24%
All Eyez On Me Tupac, Outlawz When We Ride
24%
Me Against The World Tupac If I Die 2Nite
23%
Me Against The World Tupac Intro
23%
All Eyez On Me Tupac, C-Bo, Outlawz, Storm Tradin War Stories
23%
Me Against The World Tupac Death Around The Corner
22%
All Eyez On Me Tupac, Tha Dogg Pound, Method Man, Redman Got My Mind Made Up
22%
All Eyez On Me Tupac, Nanci Fletcher Holla At Me
22%
All Eyez On Me Tupac, Danny Boy Steward Heaven Aint Hard 2 Find
20%
Me Against The World Tupac, Eboni Foster, Lady Levi, Richie Rich Heavy In The Game
20%
All Eyez On Me Tupac No More Pain
20%
All Eyez On Me Tupac, B-Legit, C-Bo, D-Shot, E-40, Richie Rich Aint Hard 2 Find
19%
All Eyez On Me Tupac, Dr Dre, Roger Troutman California Love Remix
19%
Me Against The World Tupac Can U Get Away
19%
Me Against The World Tupac It Aint Easy
19%
Me Against The World Tupac Lord Knows
19%
All Eyez On Me Tupac, Richie Rich Ratha Be Ya Nigga
19%
Greatest Hits Tupac Troublesome 96
19%
All Eyez On Me Tupac, Big Syke, Kurupt, Natasha Walker Check Out Time
18%
All Eyez On Me Tupac, Michelle, Napoleon, Outlawz, Storm Run Tha Streetz
18%
Me Against The World Tupac Young Niggaz
18%
All Eyez On Me Tupac Wonda Why They Call U Bitch
17%
Greatest Hits Tupac, Thug Life, Nate Dogg How Long Will They Mourn Me
16%
Greatest Hits Tupac, Aaron Hall, Danny Boy Steward, K-Ci, Jojo Toss It Up
16%
Greatest Hits Tupac, Shock G Trapped
16%
Greatest Hits Tupac Unconditional Love
16%
Greatest Hits Tupac, Stretch God Bless The Dead
14%
All Eyez On Me Tupac, Danny Boy Steward Whatz Ya Phone
12%
Greatest Hits Tupac, Outlawz Hit Em Up Radio
1%
No matching quizzes found
Score Distribution
Percent of People with Each Score
Percentile by Number Answered
Your Score History
You have not taken this quiz